Nový domov
| Titel: | Nový domov : Pravda vítězí! = The new homeland : Canada's Czech and Slovak newspaper / Masaryk Memorial Institute |
|---|---|
| Veröffentlicht: | Toronto : Inst., März 1950-[November 2019 ?] |
| Erscheinungsverlauf: | 1.1950,2.März-volume 70, no. 15 (15. November 2019) [?] |
| Umfang: | 37 cm |
| Format: | Zeitschrift, Zeitung |
| Sprache: | Tschechisch; Slowakisch |
| Frühere/Spätere Titel: | Fortsetzung von: Nová vlast, Montreal |
| ISSN: | 0839-2668 |
X
alg: 7010487 001A $06050:17-03-99 001B $06050:24-10-25 $t17:06:59.000 001D $06050:10-10-15 001U $0utf8 001X $00 002@ $0Abvc 002C $aText $btxt $2rdacontent 002D $aohne Hilfsmittel zu benutzen $bn $2rdamedia 002E $aBand $bnc $2rdacarrier 003@ $0070104875 003O $01367981957 $aOCoLC 005A $00839-2668 006Z $01303633-6 007A $01303633-6 $aZDB 010@ $acze $aslo 011@ $a1950 $b2019 $nMärz 1950-[November 2019 ?] 013D $RPresse $RFortlaufendes Sammelwerk $#Periodicals $#Yearbooks $#Périodiques $#Annuaires $#Publicaciones periódicas $#journals $#Periodical $#Periodicals as Topic $#Zeitschrift $#Zeitschrift $#Periodikum $#Zeitschriften $74067488-5 $8Zeitschrift [Tsz] $9085189774 018@ $0z;e 021A $aNový domov $dPravda vítězí! $fThe @new homeland $fCanada's Czech and Slovak newspaper $hMasaryk Memorial Institute 031@ $a1.1950,2.März-volume 70, no. 15 (15. November 2019) [?] 031N $b2 $c3 $d1 $j1950 $k2019 $l15 $m11 $n70 $o15 033A $pToronto $nInst. 033H $8Toronto [Tg1] $9085167827 034I $a37 cm 037A $aErscheint jede dritte Woche, 17x pro Jahr; früher vierzehntäglich 037A $aAuf der Webseite nicht mehr nachzuweisen 037A $aChefred. ca. 1999: Věra Rollerová 039E $aFortsetzung von $bf $tNová vlast, Montreal 044K $qZDB $RTschechin $#Czechs $#Tchèques $#Tschechen $#Tscheche $#Tschechen $#Czechs $74061083-4 $8Tschechen [Ts1] $9085169609 044K $qZDB $RPresse $RFortlaufendes Sammelwerk $#Periodicals $#Yearbooks $#Périodiques $#Annuaires $#Publicaciones periódicas $#journals $#Periodical $#Periodicals as Topic $#Zeitschrift $#Zeitschrift $#Periodikum $#Zeitschriften $74067488-5 $8Zeitschrift [Tsz] $9085189774 044K $qZDB $RSlowakin $#Slovaks $#Slovaques $#Slowaken $#Slowake $#Slowaken $74055298-6 $8Slowaken [Ts1] $9085153842 044K $qZDB $RProvinz Kanada $#Canada $#Dominion of Canada $#Puissance du Canada $74029456-0 $8Kanada [Tg1] $9085077887 045T $a7,41 045U $e070 046C $ačtrnáctideník Čech°u a Slovák°u $bTitelzusatz früher 046L $aBibliograph. Nachweis: Gale Dir.; Nat.Lib.Can., ULS of Can. newsp. 1977 lok: 7010487 24 101B $023-04-12 $t15:07:17.000 101C $022-10-03 101U $0utf8 145Z/01 $a22 3 D 145Z/02 $a22 15 J 145Z/03 $a24 3 D exp: 7010487 24 1 #EPN 201B/01 $010-01-17 $t07:28:56.000 201C/01 $022-10-03 201U/01 $0utf8 203@/01 $0189470798 208@/01 $a22-10-03 $bp 209A/01 $a22 III DZ 52 - PA $df $f050 $h22 3 DZ 52 $x00 $lkx 209E/01 $a45.1994,11-12u.16-26; 46.1995 - 49.1998; 50.1999,1-10u.12-26; 51.2000 - 65.2014,12-20/21 $x02 209E/01 $aeinzelne Lücken möglich! $x04 209G/01 $aPressearchiv $x01 220C/01 $aO/SK/AK//06.04.10//Ho-Sz. - 4803 alle Karten gestempelt. - Bestand eingelesen nach PA-BST-Verzeichnis//01.03.11_heu. - kLm--> Kktn.-Abl.//19.12.16. - INFO: als PDF im Netz! 231@/01 $0 $046 $01995 $d45 $j1994 $k1998 $k $k50 $k1999 $k $k51 $k2000 $k65 $k2014 $n49 247C/01 $8358050-7Marburg, Bibliothek des Herder-Instituts Marburg $9102600961 lok: 7010487 78 exp: 7010487 78 1 #EPN 201B/01 $019-04-17 $t14:18:50.000 201U/01 $0utf8 203@/01 $0790954621 208@/01 $a12-11-16 $be 209A/01 $a/ $f000 $x00 237A/01 $aweiterführende Signatur(en): Herder-Institut: 22 III DZ 52 - PA 247C/01 $82080>Marburg/Lahn, Herder-Institut, Forschungsbibliothek, Bibliographieportal $9336309341
| LEADER | 00000cas a2200000 c 4500 | ||
|---|---|---|---|
| 001 | 070104875 | ||
| 003 | DE-603 | ||
| 005 | 20251024170659.0 | ||
| 007 | tu | ||
| 008 | 990317d19502019xx z| p| 0 |1cze c | ||
| 016 | 7 | |2 DE-600 |a 1303633-6 | |
| 022 | |a 0839-2668 | ||
| 035 | |a (DE-599)ZDB1303633-6 | ||
| 035 | |a (OCoLC)1367981957 | ||
| 040 | |a DE-603 |b ger |c DE-603 |d DE-603 | ||
| 041 | |a cze |a slo | ||
| 084 | |a 7,41 |2 ssgn | ||
| 084 | |a 070 |q DE-600 |2 sdnb | ||
| 245 | 0 | 0 | |a Nový domov |b Pravda vítězí! = The new homeland : Canada's Czech and Slovak newspaper |c Masaryk Memorial Institute |
| 246 | 1 | |i Titelzusatz früher |a čtrnáctideník Čech°u a Slovák°u | |
| 264 | 3 | 1 | |a Toronto |b Inst. |c März 1950-[November 2019 ?] |
| 300 | |c 37 cm | ||
| 336 | |a Text |b txt |2 rdacontent | ||
| 337 | |a ohne Hilfsmittel zu benutzen |b n |2 rdamedia | ||
| 338 | |a Band |b nc |2 rdacarrier | ||
| 362 | 0 | |a 1.1950,2.März-volume 70, no. 15 (15. November 2019) [?] | |
| 363 | 0 | 0 | |8 1.1\x |a 1 |k 2 |j 3 |i 1950 |
| 363 | 1 | 0 | |8 1.2\x |a 70 |b 15 |k 15 |j 11 |i 2019 |
| 500 | |a Erscheint jede dritte Woche, 17x pro Jahr; früher vierzehntäglich | ||
| 500 | |a Auf der Webseite nicht mehr nachzuweisen | ||
| 500 | |a Chefred. ca. 1999: Věra Rollerová | ||
| 546 | |a Bibliograph. Nachweis: Gale Dir.; Nat.Lib.Can., ULS of Can. newsp. 1977 | ||
| 650 | 7 | |a Tschechen |0 (DE-588)4061083-4 |0 (DE-603)085169609 |2 gnd | |
| 650 | 7 | |a Zeitschrift |0 (DE-588)4067488-5 |0 (DE-603)085189774 |2 gnd | |
| 650 | 7 | |a Slowaken |0 (DE-588)4055298-6 |0 (DE-603)085153842 |2 gnd | |
| 651 | 7 | |a Kanada |0 (DE-588)4029456-0 |0 (DE-603)085077887 |2 gnd | |
| 655 | 7 | |a Zeitschrift |2 gnd-content |0 (DE-588)4067488-5 |0 (DE-603)085189774 | |
| 780 | 0 | 0 | |i Fortsetzung von |t Nová vlast, Montreal |
| 924 | 0 | |9 Mb 50 |a (DE-603)189470798 |b DE-Mb50 |c HES |d b |g 22 III DZ 52 - PA |h Pressearchiv |m 45 |q 1994 |w ; |m 46 |q 1995 |r 49 |v 1998 |w ; |m 50 |q 1999 |w ; |m 51 |q 2000 |r 65 |v 2014 |z 45.1994,11-12u.16-26; 46.1995 - 49.1998; 50.1999,1-10u.12-26; 51.2000 - 65.2014,12-20/21 | |
| 924 | 0 | |9 2080 |a (DE-603)790954621 |b DE-2080 |c HES |d d |g / | |


